header

Buddhists, Hindus, and Sikhs in America (Record no. 228392)

MARC details
000 -LEADER
fixed length control field 02062nam a2200445 a 4500
082 04 - DEWEY DECIMAL CLASSIFICATION NUMBER
Classification number 294.0973
100 1# - MAIN ENTRY--AUTHOR NAME
Personal name Mann, Gurinder Singh.
245 10 - TITLE STATEMENT
Title Buddhists, Hindus, and Sikhs in America
260 ## - PUBLICATION, DISTRIBUTION, ETC. (IMPRINT)
Place of publication New York :
Name of publisher Oxford University Press,
Year of publication 2008.
300 ## - PHYSICAL DESCRIPTION
Number of Pages xii, 151 p. :
Other physical details ill.
500 ## - GENERAL NOTE
General note Originally published: c2001.
505 0# - FORMATTED CONTENTS NOTE
Formatted contents note Buddhism comes to America -- Buddhists adapt and explore -- Buddhism's growth and popularity -- Hindus come to America -- Hindus at home -- Hindu temples -- The Sikh identity -- Sikhs come to America -- American Sikhism evolves.
650 #0 - SUBJECT ADDED ENTRY--TOPICAL TERM
Topical Term Asian Americans
Topical Term Immigrants
Topical Term Buddhism
Topical Term Hinduism
Topical Term Sikhism
Topical Term Buddhists
Topical Term Hindus
Topical Term Sikhs
700 1# - ADDED ENTRY--PERSONAL NAME
Personal name Numrich, Paul David,
Personal name Williams, Raymond Brady.
856 40 - ELECTRONIC LOCATION AND ACCESS
Uniform Resource Identifier http://site.ebrary.com/lib/rucke/Doc?id=10212062

No items available.

© 2026 Rongo University
Contact us: librarian | system librarian | Rongo university